| 000 | 00630nam a22001937a 4500 | ||
|---|---|---|---|
| 003 | 0 | ||
| 005 | 20240214144002.0 | ||
| 008 | 240214b xxu||||| |||| 00| 0 eng d | ||
| 020 | _a978-1-265-07040-3 | ||
| 050 |
_aHD 30.2 _b.B35 2023 |
||
| 100 | _aBaltazan, Paige | ||
| 245 |
_aBusiness driven information system _cPaige Baltazan |
||
| 250 | _aEight edition | ||
| 260 |
_aNew York City _bMcGraw Hill LLC _cc2023. |
||
| 300 |
_axxix, 456 pages : _bcoloured illustrations ; _c28 cm. |
||
| 504 | _aIncludes bibliographical references, index, and glossary. | ||
| 650 | _aInformation technology--management. | ||
| 942 |
_2lcc _cBK |
||
| 999 |
_c365926 _d365926 |
||